| 000 | 00666nam a2200193Ia 4500 | ||
|---|---|---|---|
| 003 | 0100 | ||
| 005 | 20150129113646.0 | ||
| 008 | 130303s9999 xx 000 0 und d | ||
| 040 | _cARRUPELIB | ||
| 050 | _aPR9345.R666 | ||
| 245 |
_aNommo: _ban anthology of modern black African and black American literature _cedited by William H. Robinson |
||
| 260 |
_aNew York _bMacmillan Company _c1972 |
||
| 300 |
_a501p. _c 23cm |
||
| 650 |
_aAmerican Literature _xNegro authors _914714 |
||
| 650 |
_aEnglish Literature _xAfrican authors _914715 |
||
| 650 |
_aFrench Literature _xNegro authors _914716 |
||
| 700 |
_aRobinson, William H. (ed.) _914717 |
||
| 942 |
_2lcc _cMONOGRAPH |
||
| 999 |
_c31946 _d31946 |
||